000
00292nam a2200121Ia 4500
008
230818s2000 xx 000 0 und d
041
_a
eng
245
_a
Management Information System
260
_b
Zerox Copy
_c
2000
300
_a
96p
520
_a
General
999
_c
852212
_d
852212
650
_a
Information Technology